000 00877nam a22001577a 4500
003 OSt
005 20151006161458.0
008 151006b xxu||||| |||| 00| 0 eng d
040 _cRUA
082 _aAVM VON 2006 B076 Or.1
100 _92209
_aVON, VORLEAK.
245 _aThe effect of leucaena leucocephala leaf in concentration on the growth rate of quail at the animal experimentation station of royal university of agriculture, ឥទ្ធពលនៃការប្រ់ប្រាស់ស្លឹកកន្ថំថេតកន្ុងចំណីផ្សំលើការលូតលាស់របស់ក្រូូចនៅស្ថានីយ៍ពិសោធន៍សត្វនៃសាកលវិទ្យាល័យភូមិន្ទកសិកម្ម
260 _aPhnom Penh
_bRUA
_c2006
300 _a40p.
_bill.
_c29cm.
942 _2ddc
_cAVM
999 _c2082
_d2082